| 000 | 00914cam a2200205 4500 | ||
|---|---|---|---|
| 001 | WB@3612-730 | ||
| 008 | 041123n2004 000 0 eng u | ||
| 035 | _a(Sirsi) u128094 | ||
| 245 | _aKingston first to vote for a BID | ||
| 260 | _c2004 | ||
| 490 |
_aRegeneration and Renewal _v19 November 2004, 5(1) |
||
| 520 | _aBusinesses in Kingston upon Thames became the first in the UK to vote to raise their own taxes to spend on the public realm. Shops and services in the southwest London borough voted to establish the UK's first Business Improvement District (BID). A BID is a defined geographical area in which all business ratepayers contribute a levy into a communal pot that is then used to improve the public realm. | ||
| 590 | _aWB | ||
| 590 | _aWB | ||
| 650 | _aBUSINESS IMPROVEMENT DISTRICTS | ||
| 650 | _aLOCAL BUSINESSES | ||
| 650 | _aLOCAL ECONOMY | ||
| 690 | _aREGENERATION | ||
| 942 | _n0 | ||
| 999 |
_c118359 _d118359 |
||